| 000 | 01636nam a2200433Ii 4500 | ||
|---|---|---|---|
| 001 | DIGEGALES0070 | ||
| 003 | NyNyDIG | ||
| 006 | m o d | ||
| 007 | cr ||||||||||| | ||
| 008 | 240404s2020 sp a ob 000 0 spa d | ||
| 035 | _a(OCoLC)1430188923 | ||
| 040 |
_aDGITA _beng _erda _epn _cDGITA |
||
| 020 |
_a9788418501098 _qeBook |
||
| 020 | _z9788417319977 | ||
| 043 | _ae-sp--- | ||
| 050 | 1 | 4 | _aGV1796.F55 ebook |
| 100 | 1 |
_aLópez Rodríguez, Fernando, _eauthor. |
|
| 245 | 1 | 0 |
_aHistoria queer del flamenco : _bdesvíos, transiciones y retornos en el baile flamenco (1808-2018) / _cFernando López Rodríguez. |
| 264 | 1 |
_aBarcelona ; _aMadrid : _bEditorial Egales, _c[2020] |
|
| 300 | _a1 online resource. | ||
| 336 |
_atext _btxt _2rdacontent |
||
| 337 |
_acomputer _bc _2rdamedia |
||
| 338 |
_aonline resource _bcr _2rdacarrier |
||
| 347 |
_atext file _2rdaft |
||
| 347 | _bEPUB | ||
| 490 | 1 | _aColección G | |
| 504 | _aIncludes bibliographical references. | ||
| 588 | 0 | _aOnline resource; title from ePub title page (Digitalia, viewed April 4, 2024) | |
| 650 | 0 |
_aFlamenco _zSpain _xHistory. |
|
| 650 | 0 |
_aHomosexuality _zSpain _xHistory. |
|
| 650 | 0 |
_aFlamenco dancers _zSpain. |
|
| 791 | 2 |
_aDigitalia (Firm), _edistributor. |
|
| 793 | 0 |
_gDigitalia eBook Collection: _aEditorial Egales |
|
| 776 | 0 | 8 |
_iPrint version: _aLópez Rodríguez, Fernando. _tHistoria queer del flamenco. _dBarcelona ; Madrid : Editorial Egales, [2020] _z9788417319977 |
| 830 | 0 | _aColección G. | |
| 856 | 4 | 0 |
_3Digitalia Hispánica _uhttps://www.digitaliapublishing.com/a/136994/ |
| 910 | _aPremium collection: 2024 | ||
| 942 | _cRAA | ||
| 999 |
_c284531 _d284531 |
||